A comparative analysis of economic liberalization

Na minha lista:
Detalhes bibliográficos
Autor principal: Nagasada, Miyawaki
Formato: Livro
Idioma:Undetermined
Publicado em: Tokyo Japan Economic Research Institute, Inc. 1969
Assuntos:
Tags: Adicionar Tag
Sem tags, seja o primeiro a adicionar uma tag!
Thư viện lưu trữ: Trung tâm Học liệu Trường Đại học Cần Thơ
LEADER 00507nam a2200181Ia 4500
001 CTU_77779
008 210402s9999 xx 000 0 und d
082 |a 330 
082 |b M685 
100 |a Nagasada, Miyawaki 
245 2 |a A comparative analysis of economic liberalization 
245 0 |c Nagasada Miyawaki 
260 |a Tokyo 
260 |b Japan Economic Research Institute, Inc. 
260 |c 1969 
650 |a Economics 
650 |z Japan 
980 |a Trung tâm Học liệu Trường Đại học Cần Thơ